軍事技術や軍用品の民間転用品 - Statistics

General Stats
  • This quiz has been taken 29 times
  • The average score is 5 of 19
Answers on the Grid
Answers color-coded by a green-red scale on the quiz's grid according to % correct below.
オーブン
ボールペン
セーラー服
缶詰
GPS
ドローン
カレーライス
カーディガン
マーガリン
ソーセージ
電球
インスタントコーヒー
魚群探知
トレンチコート
電子レンジ
インターネット
折りたたみ自転車
冷凍食品
パソコン
ホチキス
自動車
軍手
腕時計
ダッフルコート
ジーパン
サランラップ
セーター
チノパン
ティッシュペーパー
ランドセル
テレビ
ラジオ
 
Answer Stats
Answer % Correct
GPS
57%
セーラー服
52%
電子レンジ
52%
魚群探知
48%
缶詰
43%
インターネット
43%
軍手
43%
ドローン
33%
トレンチコート
29%
サランラップ
29%
カレーライス
24%
マーガリン
19%
ホチキス
19%
ランドセル
14%
カーディガン
10%
腕時計
10%
パソコン
5%
ティッシュペーパー
5%
冷凍食品
0%
No matching quizzes found
Score Distribution
Percent of People with Each Score
Percentile by Number Answered
Your Score History
You have not taken this quiz